000 00356 a2200109 4500
001 ART_10781
005 20260410161854.0
008 260409a
245 1 0 _aLa sociedad unipersonal
100 1 _aVítolo, Daniel Roque
773 0 _tDerecho privado
_gReforma del Código Civil I. Aspectos generales - Año I, Nº 2 (sep. 2012)
_wREV10455
999 _c25303
_d25303